000 00497nam a22001577a 4500
003 macl
005 20190615115148.0
008 190615b xxu||||| |||| 00| 0 eng d
040 _cmacl
082 _a796
100 _aकुमार ,मनीष
_975320
245 _aखेलों के क्षेत्र में कॅरियर
260 _aदिल्‍ली
_bपंकज पुस्‍तक मंदिर
_c2018
650 _aखेल
_953082
942 _2ddc
_cHIN
999 _c60107
_d60107